00335nam a22000977a 4500008004100000040005500041080002500096245004200121260006400163300001000227240913b |||||||| |||| 00| 0 eng d aNational Science LibrarycNational Science Library aR 016:8.03:5=30 bJ9 aBibliographie deutscher ubersetzungen aLeipzig: bVeb Verlag Fur Buch-Und Bibliothekswesen, c1959 a151p.